[Event "14th Padova Open"]
[Site "Padova ITA"]
[Date "2011.12.16"]
[Round "7"]
[White "Zufic,M"]
[Black "Efimov,Ig"]
[Result "1-0"]
[WhiteElo "2409"]
[BlackElo "2418"]

1.e4 e6 2.d4 d5 3.Nd2 Be7 4.Ngf3 Nf6 5.Bd3 dxe4 6.Nxe4 Bd7 7.Qe2 Bc6 8.Nxf6+ Bxf6
9.c3 Nd7 10.Bf4 a5 11.O-O-O Bxf3 12.Qxf3 Bg5 13.Kb1 Bxf4 14.Qxf4 c6 15.h4 a4
16.a3 Nf6 17.g4 Nd5 18.Qe4 h5 19.f3 Ra5 20.c4 Nf6 21.Qf4 Nd7 22.Rde1 O-O
23.Bc2 hxg4 24.fxg4 Re8 25.g5 Nf8 26.c5 b6 27.h5 bxc5 28.h6 cxd4 29.hxg7 d3
30.Qh4 dxc2+ 31.Ka1 Qd1+ 32.Rxd1 cxd1=Q+ 33.Rxd1 Ng6 34.Qh6  1-0

[Event "UTD GM Invitational"]
[Site "Richardson USA"]
[Date "2011.12.17"]
[Round "5"]
[White "Wang Puchen"]
[Black "Sadorra,J"]
[Result "0-1"]
[WhiteElo "2441"]
[BlackElo "2506"]

1.e4 e6 2.d4 d5 3.Nd2 Nc6 4.Ngf3 Nf6 5.e5 Nd7 6.Be2 f6 7.exf6 Qxf6 8.Nf1 Bd6
9.Ng3 O-O 10.O-O h6 11.Be3 Ne7 12.c4 c6 13.Qb3 Qf7 14.Rfe1 b6 15.Bd3 Bb7
16.Bc2 Nf5 17.Qd3 Ba6 18.b3 Rad8 19.Rad1 c5 20.Nxf5 exf5 21.Nh4 Qh5 22.Nxf5 dxc4
23.bxc4 Bxh2+ 24.Kh1 Bf4+ 25.Kg1 Bh2+ 26.Kh1 Bf4+ 27.Kg1 Qh2+ 28.Kf1 Ne5
29.Ne7+ Kf7 30.Qf5+ Kxe7 31.Bxf4 Bxc4+ 32.Bd3 Qh1+ 33.Ke2 Rxf5  0-1

[Event "European Rapid 2011"]
[Site "Warsaw POL"]
[Date "2011.12.17"]
[Round "2"]
[White "Nowicki,B"]
[Black "Timofeev,Arty"]
[Result "0-1"]
[WhiteElo "2133"]
[BlackElo "2659"]

1.e4 e6 2.d4 d5 3.Nd2 Nc6 4.Ngf3 Nf6 5.e5 Nd7 6.Bd3 f6 7.exf6 Qxf6 8.c3 e5
9.dxe5 Ndxe5 10.Be2 Bd6 11.Nb3 Bg4 12.Qxd5 O-O-O 13.Bg5 Bxf3 14.Bxf6 Bxd5
15.Bxd8 Rxd8 16.O-O Nc4 17.Rab1 N6e5 18.Rfd1 Be4 19.Rbc1 Nxb2 20.Rd4 Bg6
21.c4 c5 22.Rd2 Ned3 23.Rcc2 Be5 24.Bxd3 Nxd3 25.g3 Bf6 26.Re2 b6 27.Rcd2 a5
28.a4 Bf7 29.Rc2 Ne5 30.Nd2 Rxd2  0-1

[Event "European Rapid 2011"]
[Site "Warsaw POL"]
[Date "2011.12.17"]
[Round "5"]
[White "Neiksans,A"]
[Black "Bartel,Mat"]
[Result "1-0"]
[WhiteElo "2502"]
[BlackElo "2653"]

1.e4 e6 2.d4 d5 3.Nd2 a6 4.Bd3 c5 5.dxc5 Nf6 6.exd5 Qxd5 7.Ngf3 Bxc5 8.O-O O-O
9.Qe2 Be7 10.Nc4 Nbd7 11.a4 b6 12.Rd1 Qh5 13.Nfe5 Qxe2 14.Bxe2 Nxe5 15.Nxe5 Ra7
16.Nc6 Rc7 17.Nxe7+ Rxe7 18.Bf4 e5 19.Be3 Re6 20.Ra3 Bb7 21.c4 Rb8 22.Rad3 Bc6
23.b3 Ree8 24.Rd6 Rec8 25.Bf3 e4 26.Be2 Ne8 27.R6d2 f5 28.Bf4 Ra8 29.h4 Kf7
30.g4 g6 31.gxf5 gxf5 32.Bh5+ Kf8 33.Bh6+ Ke7 34.Be2 Kf7 35.Bg5 Nf6 36.Rd6 Ng4
37.Bxg4 fxg4 38.Rf6+ Kg8 39.Rdd6 Be8 40.Rxb6 Rd8 41.Rxa6 Rd1+ 42.Kh2 Rc8
43.Rab6 Rd3 44.Be3 Rd1 45.a5 Ra1 46.a6 g3+ 47.Kxg3  1-0

[Event "European Rapid 2011"]
[Site "Warsaw POL"]
[Date "2011.12.17"]
[Round "5"]
[White "Sygulski,P"]
[Black "Nyzhnyk,I"]
[Result "0-1"]
[WhiteElo "2221"]
[BlackElo "2562"]

1.e4 e6 2.d4 d5 3.Nd2 Be7 4.Ngf3 Nf6 5.Bd3 c5 6.e5 Nfd7 7.c3 b6 8.Qe2 a5
9.a4 Ba6 10.Bb5 Qc8 11.O-O Nc6 12.c4 dxc4 13.d5 exd5 14.e6 Nf6 15.exf7+ Kf8
16.Re1 Ra7 17.Ra3 Bxb5 18.axb5 Nd4 19.Nxd4 cxd4 20.Rf3 Bd6 21.Rxf6 gxf6 22.Qh5 Re7
23.Ne4 Rxe4 24.Bh6+ Ke7 25.Rxe4+ dxe4 26.Qd5 Be5 27.f8=R Rxf8 28.Bxf8+ Kxf8
29.Qxe4 Qd7 30.f4 d3 31.fxe5 d2 32.Qa8+ Kg7 33.exf6+ Kf7  0-1

[Event "European Rapid 2011"]
[Site "Warsaw POL"]
[Date "2011.12.17"]
[Round "5"]
[White "Boricsev,O"]
[Black "Stupak,K"]
[Result "0-1"]
[WhiteElo "2388"]
[BlackElo "2503"]

1.e4 e6 2.d4 d5 3.Nd2 Nc6 4.Ngf3 Nf6 5.e5 Nd7 6.c4 dxc4 7.Nxc4 Nb6 8.Be2 Bb4+
9.Bd2 Bxd2+ 10.Qxd2 Nxc4 11.Bxc4 Ne7 12.Rc1 Bd7 13.Qg5 Bc6 14.Qxg7 Rg8 15.Qf6 Nf5
16.d5 Qxf6 17.exf6 exd5 18.Bd3 Nd6 19.Ne5 Rxg2 20.Nxc6 bxc6 21.Bxh7 Kd7 22.Kf1 Rg4
23.Re1 Rh8 24.Bd3 Rf4 25.Re3 Rxf6 26.h4 c5 27.b3 a5 28.h5 a4 29.Re5 axb3
30.axb3 c6 31.Ke2 Ra8 32.Rh2 Ra2+ 33.Kf1 Rh6 34.Bf5+ Kc7 35.Re7+ Kb6 36.Bg4 Ra3
37.Bd1 Ra1 38.Ke2 Ra2+ 39.Kf3 Rd2 40.Be2 Nf5 41.Rxf7 Nd4+ 42.Kg4 Rxe2 43.Kg5 Ree6
44.Rh3 Nb5 45.Rg7 Nd6 46.Rg6 Rexg6+ 47.hxg6 Rxh3  0-1

[Event "European Rapid 2011"]
[Site "Warsaw POL"]
[Date "2011.12.17"]
[Round "7"]
[White "Azarov,S"]
[Black "Nyzhnyk,I"]
[Result "1-0"]
[WhiteElo "2667"]
[BlackElo "2562"]

1.e4 e6 2.d4 d5 3.Nd2 Be7 4.Ngf3 Nf6 5.e5 Nfd7 6.Bd3 c5 7.c3 b6 8.Nf1 Ba6
9.Bxa6 Nxa6 10.Ng3 b5 11.O-O b4 12.Qa4 Qc8 13.cxb4 cxb4 14.Bg5 Bxg5 15.Nxg5 h6
16.Rac1 Qb7 17.Nxe6 fxe6 18.Rc6 Kf7 19.Qxa6 Qxa6 20.Rxa6 Rhc8 21.f4 Nb6 22.f5 Rc4
23.fxe6+ Kxe6 24.Nf5 Kd7 25.b3 Rc2 26.Nxg7 Rd2 27.e6+ Kd6 28.Re1 Ke7 29.Nf5+ Kf6
30.g4 h5 31.e7 Re8 32.Rxa7 Nc8 33.Rc7 hxg4 34.Rf1 Kg5 35.Rd7 Re2 36.Rxd5 Kg6
37.Rd8  1-0

[Event "European Rapid 2011"]
[Site "Warsaw POL"]
[Date "2011.12.18"]
[Round "10"]
[White "Jones,G"]
[Black "Szymanski,M"]
[Result "1-0"]
[WhiteElo "2635"]
[BlackElo "2416"]

1.d4 e6 2.e4 d5 3.Nd2 Be7 4.Ngf3 Nf6 5.e5 Nfd7 6.Bd3 c5 7.c3 Nc6 8.O-O a5
9.Re1 a4 10.Nf1 cxd4 11.cxd4 Nb4 12.Bb1 Nb6 13.Ng3 Bd7 14.Nh5 Bf8 15.Ng5 h6
16.Nxf7 Kxf7 17.Qg4 Bc8 18.Re3 Qc7 19.Rc3 Nc4 20.Nf6 gxf6 21.Qg6+ Ke7 22.Qxf6+ Kd7
23.Qxh8 Be7 24.Bxh6 b5 25.Bg6 Bb7 26.Qh7 Nc6 27.Bg5 Qb6 28.Rd1 b4 29.Rxc4 dxc4
30.d5 exd5 31.Rxd5+ Kc8 32.Qg8+ Kc7 33.Qe6 Bc5 34.Qf7+ Kb8 35.e6 Ka7 36.Rxc5 Qxc5
37.Be3 Nd4 38.Qd7 Qc6 39.Bxd4+ Ka6 40.Qxc6+ Bxc6 41.h4 Rd8 42.Be5 Rd1+ 43.Kh2 Re1
44.f4 Re2 45.h5 a3 46.bxa3 c3  1-0

[Event "European Rapid 2011"]
[Site "Warsaw POL"]
[Date "2011.12.18"]
[Round "10"]
[White "Jaracz,P"]
[Black "Timofeev,Arty"]
[Result "1/2-1/2"]
[WhiteElo "2542"]
[BlackElo "2659"]

1.e4 e6 2.d4 d5 3.Nd2 Nc6 4.Ngf3 Nf6 5.e5 Nd7 6.Be2 f6 7.exf6 Qxf6 8.Nf1 b6
9.Ne3 h6 10.O-O Bb7 11.c3 Bd6 12.b4 Ne7 13.a4 a5 14.bxa5 Rxa5 15.c4 O-O 16.Bd2 Ra7
17.Qc2 Ng6 18.cxd5 exd5 19.g3 Qe6 20.Bd3 Ne7 21.Nh4 Nf6 22.f3 Ba6 23.Bxa6 Rxa6
24.Rae1 Qd7 25.Nef5 Nxf5 26.Nxf5 Rxa4 27.Re2 Raa8 28.Nxd6 cxd6 29.Qg6 Qf7
30.Qb1 Nd7 31.Bf4 Rfe8 32.Rxe8+ Rxe8 33.Qb5 Qe6 34.Qc6 g5 35.Bxd6 Kf7 36.Qc7 Kg6
37.Bb4 Nf6 38.Re1 Qc8 39.Qxc8 Rxc8 40.Re6 b5 41.Rb6 Rc1+ 42.Kg2 Rc2+ 43.Kg1 Kf7
44.Rb7+ Kg6 45.Rb6 Kf7 46.Rb7+ Kg6 47.Rb6 Kf7  1/2-1/2

[Event "UTD GM Invitational"]
[Site "Richardson USA"]
[Date "2011.12.20"]
[Round "9"]
[White "Chirila,I"]
[Black "Holt,C"]
[Result "0-1"]
[WhiteElo "2523"]
[BlackElo "2461"]

1.e4 e6 2.d4 d5 3.Nd2 Be7 4.Bd3 c5 5.c3 cxd4 6.cxd4 Nc6 7.Ngf3 dxe4 8.Nxe4 Nf6
9.O-O O-O 10.Be3 Nd5 11.Rc1 Qb6 12.Qe2 Rd8 13.Nc5 Bd7 14.a3 Be8 15.b4 a6
16.Bb1 Bf6 17.Rfd1 g6 18.h4 Nce7 19.Bg5 a5 20.Bxf6 Nxf6 21.bxa5 Rxa5 22.Ne5 Ra7
23.Qe3 Rda8 24.Qg5 Ned5 25.Rd3 Qd8 26.Rg3 b6 27.Ne4 Nxe4 28.Qxd8 Rxd8 29.Bxe4 Nf6
30.Bc6 Rxd4 31.Rf3 Kg7 32.Bxe8 Nxe8 33.g3 Rd5 34.Nc6 Rc7 35.Rfc3 Nd6 36.Nb4 Rxc3
37.Rxc3 Rd2 38.Rb3 Nc4 39.Rc3 Nd6 40.Rb3 f5 41.Nd3 Kf6 42.f4 Nc4 43.Rc3 b5
44.a4 bxa4 45.Rxc4 Rxd3 46.Kg2 a3 47.Rc7 h6 48.Ra7 g5 49.h5 Rd2+  0-1

[Event "V Stadium Casablanca Open"]
[Site "Zaragoza ESP"]
[Date "2011.12.24"]
[Round "2"]
[White "Korneev,O"]
[Black "Colom Sienes,E"]
[Result "1-0"]
[WhiteElo "2608"]
[BlackElo "2042"]

1.e4 e6 2.d4 d5 3.Nd2 Be7 4.Ngf3 c5 5.exd5 Qxd5 6.Bc4 Qd8 7.O-O cxd4 8.Nb3 Nf6
9.Nbxd4 O-O 10.Re1 a6 11.Ne5 Qc7 12.Bb3 Rd8 13.c3 Nc6 14.Bf4 Nxd4 15.cxd4 Qb6
16.Be3 Bb4 17.Rf1 Qd6 18.a3 Ba5 19.Nc4 Qc7 20.Bg5 Bb6 21.Bxf6 gxf6 22.Qg4+ Kh8
23.Rad1 Ba7 24.Qh4 Qe7 25.Bc2  1-0

[Event "20th Aschacher Donau"]
[Site "Aschach AUT"]
[Date "2011.12.27"]
[Round "2"]
[White "Sandhoefner,F"]
[Black "Bukal,V jr"]
[Result "0-1"]
[WhiteElo "2205"]
[BlackElo "2423"]

1.e4 e6 2.d4 d5 3.Nd2 a6 4.Ngf3 Nf6 5.e5 Nfd7 6.Bd3 c5 7.c3 Nc6 8.O-O g5
9.h3 h5 10.g4 Be7 11.Qe2 hxg4 12.hxg4 Qb6 13.dxc5 Nxc5 14.Bc2 Qc7 15.Nb3 Nd7
16.Re1 b6 17.Nbd4 Bb7 18.Bd2 Nxd4 19.Nxd4 O-O-O 20.b4 Rh4 21.Bd3 Rdh8 22.Bxa6 Nxe5
23.Bxb7+ Kxb7 24.Qxe5 Rxg4+  0-1

[Event "Cracovia Open A"]
[Site "Krakow POL"]
[Date "2011.12.28"]
[Round "2.35"]
[White "Polok,K"]
[Black "Kalvaitis,S"]
[Result "0-1"]
[WhiteElo "2136"]
[BlackElo "2252"]

1.e4 e6 2.d4 d5 3.Nd2 a6 4.c3 c5 5.exd5 exd5 6.Ngf3 Nf6 7.Be2 Nc6 8.dxc5 Bxc5
9.Nb3 Bb6 10.O-O Ne4 11.Nfd4 O-O 12.Be3 Re8 13.Qc2 Bd7 14.Rad1 Ne5 15.Nd2 Nxd2
16.Rxd2 Qf6 17.Qb3 Rad8 18.Nc2 Bxe3 19.Nxe3 Bc6 20.Rfd1 Ng6 21.Rd4 Nf4 22.Qc2 Ne6
23.Nxd5 Rxd5 24.Rxd5 Nf4 25.R5d2 Bxg2 26.Bg4 h5 27.Bd7 Qg5 28.f3 Bxf3+ 29.Kf1 Be2+  0-1

[Event "XLI Rilton Cup 2011-12"]
[Site "Stockholm SWE"]
[Date "2011.12.28"]
[Round "2"]
[White "Furhoff,J"]
[Black "Martynov,P2"]
[Result "0-1"]
[WhiteElo "2370"]
[BlackElo "2211"]

1.e4 e6 2.d4 d5 3.Nd2 Nc6 4.Ngf3 Nf6 5.e5 Nd7 6.Bd3 Nb4 7.Be2 c5 8.c3 Nc6
9.O-O f6 10.exf6 Nxf6 11.Ne5 Bd6 12.f4 O-O 13.Ndf3 Ne7 14.Bd3 c4 15.Bc2 b5
16.Bd2 a5 17.Qe1 Ra6 18.Qh4 b4 19.g4 a4 20.cxb4 a3 21.b3 cxb3 22.axb3 Qb6
23.Bd3 Ra7 24.b5 Bxe5 25.fxe5 Ne4 26.Be3 Ng6 27.Qe1 Raf7 28.Nd2 Nf4 29.Bxe4 dxe4
30.Rxa3 Qxb5 31.Ra8 Qb7 32.Ra1 Qb4 33.Nxe4 Qxb3 34.Bxf4 Rxf4 35.Rxf4 Rxf4
36.Qc1 Rxg4+ 37.Ng3 Bb7 38.Qe1 Qd5  0-1

[Event "Czech Chess Christmas 2011"]
[Site "Litomysl CZE"]
[Date "2011.12.29"]
[Round "6.10"]
[White "Navratil,Ji3"]
[Black "Novotny,M1"]
[Result "0-1"]
[WhiteElo "2074"]
[BlackElo "2337"]

1.e4 e6 2.d4 d5 3.Nd2 Be7 4.Bd3 c5 5.dxc5 Nf6 6.exd5 Qxd5 7.Ngf3 Bxc5 8.O-O O-O
9.Nb3 Bb6 10.Bg5 Nbd7 11.Qe2 Nc5 12.Nxc5 Qxc5 13.Bxf6 gxf6 14.Qe4 Qh5 15.Qf4 Kg7
16.Rae1 Qh6 17.Qg3+ Kh8 18.Re4 Rg8 19.Rh4 Rxg3 20.Rxh6 Rg7 21.Rxf6 Bd7 22.Be4 Bd8
23.Rf4 f5 24.Bxb7 Rb8 25.Ba6 Bc6 26.Be2 Be4 27.b3 Bc7 28.Rh4 Bxc2 29.Rc4 Be4
30.Rfc1 Bd6 31.Rc8+ Rg8 32.Rxb8 Bxb8 33.Ne1 Bf4 34.Rd1 Bc6 35.Bf3 Bb5 36.g3 Bb8
37.Nc2 e5 38.Na3 Ba6 39.Bg2 Rc8 40.Bf1 Bb7 41.Nc4 Bf3 42.Rd7 e4 43.Bg2 Bg4
44.Bf1 f4 45.Rd4 Re8 46.Bg2 Bf5 47.Nd2 Be5 48.Rc4 e3 49.fxe3 fxe3 50.Ne4 Bc8
51.Ng5 Bb2 52.Re4 Rg8 53.Nf3 Rd8 54.Rxe3 Bb7 55.Kf1 Ba3 56.Re1 Bc5 57.Ke2 Ba6+  0-1

[Event "10th Nantes Open"]
[Site "Nantes FRA"]
[Date "2011.12.29"]
[Round "5.4"]
[White "Bruned,B"]
[Black "Barsov,A"]
[Result "0-1"]
[WhiteElo "2207"]
[BlackElo "2530"]

1.e4 e6 2.d4 d5 3.Nd2 a6 4.Bd3 c5 5.dxc5 Bxc5 6.Ngf3 Nc6 7.O-O Nge7 8.a3 O-O
9.b4 Ba7 10.Bb2 Ng6 11.Nb3 d4 12.e5 Ncxe5 13.Nxe5 Nxe5 14.Nxd4 Nxd3 15.Qxd3 e5
16.Nb3 f6 17.Qe4 Qc7 18.Na5 Rb8 19.c4 b6 20.Nb3 Be6 21.Rac1 Rbc8 22.Nd2 Rfd8
23.Rcd1 a5 24.h3 axb4 25.axb4 Qd6  0-1

[Event "Cracovia Open A"]
[Site "Krakow POL"]
[Date "2011.12.30"]
[Round "4.16"]
[White "Nowicki,B"]
[Black "Skawinski,A"]
[Result "1/2-1/2"]
[WhiteElo "2133"]
[BlackElo "2300"]

1.e4 e6 2.d4 d5 3.Nd2 Be7 4.Ngf3 Nf6 5.e5 Nfd7 6.Bd3 c5 7.c3 Nc6 8.O-O g5
9.dxc5 g4 10.Nd4 Ncxe5 11.N2b3 Nxc5 12.Nxc5 Bxc5 13.Bb5+ Bd7 14.Bf4 Ng6 15.Qxg4 h5
16.Qg3 h4 17.Qg4 e5 18.Bg5 Qc8 19.Qe2 Kf8 20.Nb3 Bb6 21.Bf6 Rg8 22.Bg5 Bxb5
23.Bh6+ Ke7 24.Qxb5 Nf4 25.Bxf4 Qg4 26.Qxd5 Qxf4 27.Rae1 Kf6 28.Re3 Rad8
29.Qxb7 h3 30.g3 Ke6 31.Rf3 Rd7 32.Qc6+ Rd6 33.Nd4+ Qxd4 34.Qb7 Rd7 35.Qc6+ Qd6
36.Qe4 Ke7 37.Qh4+ Ke8 38.Qxh3 Qg6  1/2-1/2

[Event "Hastings Masters 2011-12"]
[Site "Hastings ENG"]
[Date "2011.12.31"]
[Round "4.12"]
[White "Pert,R"]
[Black "Maciol,R"]
[Result "1-0"]
[WhiteElo "2455"]
[BlackElo "2185"]

1.e4 e6 2.d4 d5 3.Nd2 Be7 4.Ngf3 Nf6 5.e5 Nfd7 6.c3 c5 7.Bd3 Nc6 8.O-O cxd4
9.cxd4 Qb6 10.Nb3 a5 11.a4 f6 12.exf6 Nxf6 13.Bg5 O-O 14.Ne5 Qc7 15.Rc1 Bd6
16.Re1 Qe7 17.Bb1 Bd7 18.Qd3 g6 19.Qh3 Rae8 20.Qh4 Bc8 21.Ng4 Kg7 22.Rc3 h5
23.Ne5 Bb4 24.Nxg6 Bxc3 25.Nxe7 Bxe1 26.Bxf6+ Rxf6 27.Qg5+ Kf7 28.Bg6+ Kxe7
29.Bxe8 Bxf2+ 30.Kh1 Nd8 31.Bxh5 Bd7 32.Qg7+ Nf7 33.Bxf7 Rxf7 34.Qg5+ Ke8
35.g3 Bxa4 36.Nc5 Bd1 37.h4 Bxd4 38.Nxe6 Bf3+ 39.Kh2 Bf6 40.Qg8+ Ke7 41.Ng5 Bxg5
42.Qxg5+ Ke6 43.Qg6+ Rf6 44.Qg8+ Ke7 45.g4 Be4 46.g5  1-0

[Event "Hastings Masters 2011-12"]
[Site "Hastings ENG"]
[Date "2011.12.31"]
[Round "4.19"]
[White "Hagesaether,A"]
[Black "Rendle,T"]
[Result "1/2-1/2"]
[WhiteElo "2152"]
[BlackElo "2389"]

1.e4 e6 2.d4 d5 3.Nd2 a6 4.Ngf3 Nf6 5.Bd3 c5 6.dxc5 dxe4 7.Bxe4 Bxc5 8.Qe2 Nbd7
9.O-O O-O 10.Bd3 b5 11.Ne4 Bb7 12.Bg5 Be7 13.Bd2 Qc7 14.c3 Nxe4 15.Bxe4 Bxe4
16.Qxe4 Nf6 17.Qe2 Rfd8 18.a4 Rab8 19.Bg5 h6 20.Bc1 Rd5 21.axb5 axb5 22.g3 Qc4
23.Qxc4 bxc4 24.Ra4 Rc5 25.Nd2 Rbc8 26.Re1 Nd5 27.Re4 Nb6 28.Ra7 R5c7 29.Ra6 Rc6
30.Kf1 f5 31.Re5 Bf6 32.Rb5 Nd7 33.Rxc6 Rxc6 34.f4 Nc5 35.Nxc4 Nd3 36.Na5 Ra6
37.Bd2 Nxb2 38.Ke2 Na4 39.c4 Bc3 40.Nb7 Rc6  1/2-1/2

[Event "XLI Rilton Cup 2011-12"]
[Site "Stockholm SWE"]
[Date "2012.01.02"]
[Round "6"]
[White "Furhoff,J"]
[Black "Johansson,Linus"]
[Result "1/2-1/2"]
[WhiteElo "2370"]
[BlackElo "2197"]

1.e4 e6 2.d4 d5 3.Nd2 Be7 4.e5 c5 5.Qg4 Kf8 6.dxc5 Nc6 7.Ngf3 h5 8.Qf4 g5
9.Qe3 d4 10.Qe2 g4 11.Ng1 Qa5 12.h3 Qxc5 13.hxg4 Nxe5 14.Nb3 Qd5 15.Rxh5 Rxh5
16.gxh5 Nf6 17.Bh6+ Kg8 18.O-O-O Nc6 19.c4 Qxh5 20.Qxh5 Nxh5 21.Nxd4 Nxd4
22.Rxd4 e5 23.Rd5 f6 24.Be2 Ng7 25.Bxg7 Kxg7 26.Nf3 Be6 27.Rb5  1/2-1/2

[Event "Northern California International"]
[Site "Fremont USA"]
[Date "2012.01.03"]
[Round "3"]
[White "Bryant,J"]
[Black "Abrahamyan,T"]
[Result "0-1"]
[WhiteElo "2401"]
[BlackElo "2287"]

1.e4 e6 2.d4 d5 3.Nd2 Be7 4.Ngf3 Nf6 5.Bd3 c5 6.exd5 Nxd5 7.dxc5 O-O 8.O-O a5
9.a3 Na6 10.Ne4 Qc7 11.Re1 Nxc5 12.Nxc5 Qxc5 13.Ne5 Qc7 14.c4 Nf6 15.Bf4 Qb6
16.Qe2 Bd7 17.Bc2 Bc6 18.Rad1 Rad8 19.Rxd8 Qxd8 20.Nxc6 bxc6 21.h3 Qb6 22.Be5 Rd8
23.Rd1 Nd7 24.Bc3 Bf6 25.Qh5 Bxc3 26.Qxh7+ Kf8 27.bxc3 Nf6 28.Qh4 Rxd1+ 29.Bxd1 Qb2
30.Qd4 Qxa3 31.Bf3 Kg8 32.g4 c5 33.Qd8+ Kh7 34.Kg2 Qxc3 35.g5 Ng8 36.Qf8 Qe5
37.h4 Qf5 38.Qd8 a4 39.Qd1 Qf4 40.g6+ Kxg6 41.Qc2+ Kh6 42.Qxa4 Qxh4 43.Qe8 Qg5+
44.Kh3 Qf5+ 45.Kg2 Kh7 46.Qd7 g6 47.Qd2 Qe5  0-1

[Event "Cracovia Open A"]
[Site "Krakow POL"]
[Date "2012.01.03"]
[Round "8.15"]
[White "Gajek,R"]
[Black "Skawinski,A"]
[Result "0-1"]
[WhiteElo "2178"]
[BlackElo "2300"]

1.e4 e6 2.d4 d5 3.Nd2 Be7 4.Bd3 Nf6 5.Ngf3 c5 6.dxc5 dxe4 7.Nxe4 Nxe4 8.Bxe4 Qxd1+
9.Kxd1 Bxc5 10.Ke2 Nd7 11.Be3 Bxe3 12.Kxe3 Nc5 13.c4 Nxe4 14.Kxe4 b6 15.b4 Bb7+
16.Ke3 Ke7 17.Rhd1 Bxf3 18.Kxf3 Rhc8 19.Rdc1 a5 20.c5 axb4 21.cxb6 Rcb8 22.Rc7+ Kf6
23.Ra7 Rxa7 24.bxa7 Ra8 25.Rb1 Rxa7 26.Rxb4 Ra3+ 27.Rb3 Rxa2 28.g3 Ra7 29.h4 h5
30.Rc3 e5 31.Ke3 Kf5 32.Kf3 f6 33.Rb3 g6 34.Rc3 Ra6 35.Rc8 Ra3+ 36.Kg2 Rd3
37.Rc6 e4 38.Rc5+ Ke6 39.Rc4 Ke5 40.Rc5+ Rd5 41.Rc2 f5 42.Rc8 Rd6 43.Rf8 Kd4
44.Re8 Rf6 45.Rd8+ Ke5 46.Kf1 f4 47.Ke2 fxg3 48.fxg3 Rf3 49.Re8+ Kd5 50.Rd8+ Kc5
51.Rc8+ Kd6 52.Rd8+ Ke7 53.Rd4 Rxg3 54.Rxe4+ Kf6 55.Kf2 Kf5 56.Re8 Rg4 57.Kf3 Rxh4
58.Rf8+ Kg5 59.Ra8 Rf4+ 60.Kg3 h4+ 61.Kh3 Rf3+ 62.Kg2 Kg4 63.Ra4+ Rf4 64.Ra3 g5
65.Ra2 Rb4 66.Rd2 h3+ 67.Kh2 Kh4 68.Rd1 g4 69.Rc1 g3+ 70.Kh1 h2 71.Kg2 Rb2+
72.Kf3 Rf2+  0-1

[Event "ch-AUS 2011-12"]
[Site "North Geelong AUS"]
[Date "2012.01.03"]
[Round "7.2"]
[White "Xie,G"]
[Black "Cheng,Bo"]
[Result "1-0"]
[WhiteElo "2440"]
[BlackElo "2345"]

1.e4 e6 2.d4 d5 3.Nd2 Nc6 4.c3 e5 5.exd5 Qxd5 6.Ngf3 exd4 7.Bc4 Qf5 8.O-O Be6
9.Bxe6 fxe6 10.cxd4 O-O-O 11.Qa4 Nf6 12.Nc4 Nd5 13.Be3 Kb8 14.Rac1 Be7 15.a3 Nf4
16.Nce5 Ne2+ 17.Kh1 Nxe5 18.dxe5 c5 19.Rxc5 Bxc5 20.Bxc5 a6 21.Qb4 Nf4 22.h3 Rd3
23.Ng1 Nd5 24.Qc4 b5 25.Bd6+ Kb7 26.Qh4 Rc8 27.Ne2 g5 28.Qh6 Qg6 29.Qxg6 hxg6
30.Ng3 Rc4 31.Re1 Rd2 32.b3 Rcd4 33.Ne4 Rd1 34.Rxd1 Rxd1+ 35.Kh2 Rb1 36.Nxg5 Rxb3
37.Nxe6 Kc8 38.Nf8 a5 39.Nxg6 b4 40.axb4 a4 41.h4 a3 42.h5 a2 43.h6 a1=Q
44.h7 Rb1 45.h8=Q+ Kd7 46.Qg7+ Kc6 47.Ne7+ Nxe7 48.Qxe7 Rh1+ 49.Kg3 Qc3+
50.f3 Qe1+ 51.Kg4 Qf1 52.Qe8+ Kd5 53.Qa8+ Ke6 54.Qa2+ Kd7 55.b5 Rh7 56.Qa7+ Ke6
57.Qxh7 Qxg2+ 58.Kf4 Qd2+ 59.Kg3 Qe1+ 60.Kg4 Qg1+ 61.Kh5 Qh2+ 62.Kg6 Qg3+
63.Kh6 Qf4+ 64.Kg7 Qf7+ 65.Kh8 Qxf3 66.Qe7+ Kd5 67.Qb7+  1-0

[Event "24th Staufer-Open"]
[Site "Schwaebisch Gmuend GER"]
[Date "2012.01.03"]
[Round "3"]
[White "Korneev,O"]
[Black "Wittmann,Ral"]
[Result "1-0"]
[WhiteElo "2584"]
[BlackElo "2220"]

1.e4 e6 2.d4 d5 3.Nd2 Be7 4.Ngf3 Nf6 5.e5 Nfd7 6.Bd3 c5 7.c3 Nc6 8.O-O g5
9.dxc5 Nxc5 10.Bb5 h6 11.Nb3 a6 12.Bxc6+ bxc6 13.Nxc5 Bxc5 14.b4 Bf8 15.Be3 a5
16.Bc5 Bxc5 17.bxc5 a4 18.Qd4 Ba6 19.Rfb1 Bb5 20.Qe3 Kd7 21.Nd4 Rb8 22.Rb4 Qe7
23.Nc2 f6 24.Rab1 Rbc8 25.Nd4 Qxc5 26.exf6 Qd6 27.Nxb5 cxb5 28.Rxb5 Rhf8
29.Rb6 Rc6 30.Rxc6  1-0

[Event "XLI Rilton Cup 2011-12"]
[Site "Stockholm SWE"]
[Date "2012.01.03"]
[Round "7"]
[White "Furhoff,J"]
[Black "Berczes,D"]
[Result "1/2-1/2"]
[WhiteElo "2370"]
[BlackElo "2555"]

1.e4 e6 2.d4 d5 3.Nd2 Be7 4.e5 c5 5.Qg4 Kf8 6.dxc5 Nc6 7.Ndf3 f6 8.Qf4 Bxc5
9.c3 Bb6 10.Bb5 Bc7 11.Bxc6 bxc6 12.Be3 Ne7 13.Bd4 Kg8 14.Ne2 Ng6 15.Qe3 c5
16.Bxc5 fxe5 17.O-O-O Ba6 18.Ned4 Qe8 19.Nc2 e4 20.Nd2 Bf4 21.Qh3 Ne5 22.Nb4 Nd3+
23.Nxd3 Bxd3 24.g3 Bg5 25.Be3 h6 26.Nb3 Rc8 27.Rhe1 e5 28.f4 Bf6 29.fxe5 Bg5
30.Bf4 Rc7 31.e6 Re7 32.Qf5 Qb5 33.Rd2 Bf6 34.Bd6 Rb7 35.e7 Kf7 36.Nd4 Qd7
37.Rxd3 Qxd6 38.Rdd1 g6 39.Qf1 Rhb8 40.Nb3 Rxe7 41.Qf4 Qxf4+ 42.gxf4 Rd8
43.Kd2 g5 44.fxg5 hxg5 45.Ke3 Ree8 46.Re2 Rh8 47.Rg2 Kg6 48.Nc5 Rh4 49.Rf1 d4+
50.Ke2 dxc3 51.bxc3 Bxc3 52.Rxg5+ Kxg5 53.Ne6+ Kg6 54.Nxd8 Bd4 55.Ne6 Rxh2+
56.Kd1 Bb6 57.Nf4+ Kg5 58.Ne2 Bf2 59.Nc3 Kf4 60.Ke2 e3 61.Nd1 Kg3 62.Nxe3 Bg1+
63.Kd3 Bxe3 64.Kxe3 Rxa2 65.Kd3 Kg2 66.Rf7 a5 67.Kc3 a4 68.Ra7 Kf2 69.Kb4 Rb2+
70.Ka3 Rb1 71.Rxa4 Ra1+ 72.Kb4 Rxa4+ 73.Kxa4  1/2-1/2

[Event "Hilton Open 2012"]
[Site "Basel SUI"]
[Date "2012.01.04"]
[Round "6"]
[White "Ghaem Maghami,E"]
[Black "Grachev,B"]
[Result "1/2-1/2"]
[WhiteElo "2570"]
[BlackElo "2693"]

1.e4 e6 2.d4 d5 3.Nd2 a6 4.Ngf3 c5 5.exd5 exd5 6.dxc5 Bxc5 7.Nb3 Bb6 8.Bd3 Qe7+
9.Qe2 Nc6 10.Bg5 Qxe2+ 11.Kxe2 Bg4 12.Rhe1 Nge7 13.h3 Bh5 14.Bxe7 Kxe7 15.Kf1+ Kd6
16.Nh4 Bg6 17.Rad1 Kc7 18.Bxg6 hxg6 19.Nf3 Rad8 20.c3 Rd7 21.Ne5 Nxe5 22.Rxe5 Rh5
23.Re2 Rf5 24.g3 Rf6 25.Kg2 Ba7 26.h4 b5 27.Nd4 Bxd4 28.Rxd4 Rfd6 29.a4 bxa4
30.Rxa4 Rb6 31.Rd2 Rdd6 32.Rf4 Rd7 33.Rfd4 Rdd6 34.Rf4 Rd7 35.Kf3 a5 36.Ra4 Rb5
37.Rad4 Kc6 38.Ra4  1/2-1/2

[Event "Hilton Open 2012"]
[Site "Basel SUI"]
[Date "2012.01.04"]
[Round "6"]
[White "Ghader Pour,S"]
[Black "Dann,M"]
[Result "0-1"]
[WhiteElo "2242"]
[BlackElo "2381"]

1.e4 e6 2.d4 d5 3.Nd2 Nc6 4.Ngf3 Nf6 5.e5 Nd7 6.Be2 f6 7.exf6 Qxf6 8.Nf1 Bd6
9.Ne3 O-O 10.O-O Qg6 11.Re1 Nf6 12.c4 Bd7 13.c5 Bf4 14.Nc2 Ne4 15.Bb5 Nxf2
16.Kxf2 Bxh2 17.Re3 Qg3+ 18.Kf1 a6 19.Bxc6 Bxc6 20.Ke2 Qxg2+ 21.Kd3 Bf4 22.Ne5 Bxe3
23.Bxe3 Be8 24.Qg1 Bg6+ 25.Nxg6 Qe4+ 26.Kd2 hxg6 27.Re1 Rf3 28.Qh2 Raf8 29.Nb4 g5
30.Nd3 g4 31.Qe2 g3 32.Bg1 g2 33.Be3 Rxe3  0-1

[Event "24th Staufer-Open"]
[Site "Schwaebisch Gmuend GER"]
[Date "2012.01.04"]
[Round "6"]
[White "Walter,Kevin"]
[Black "Jurek,J"]
[Result "1/2-1/2"]
[WhiteElo "1820"]
[BlackElo "2350"]

1.e4 e6 2.d4 d5 3.Nd2 Be7 4.Bd3 c5 5.dxc5 Nf6 6.Ngf3 dxe4 7.Nxe4 Nxe4 8.Bxe4 Qxd1+
9.Kxd1 Bxc5 10.Ke2 Nd7 11.Rd1 O-O 12.Bxb7 Bxb7 13.Rxd7 Rab8 14.b3 Bc6 15.Rc7 Bb5+
16.c4 Bb6 17.Re7 Bc5 18.Rc7 Bb6 19.Re7 Bc5 20.Rc7  1/2-1/2

[Event "TCh-CZE Extraliga 2011-12"]
[Site "Czech Republic CZE"]
[Date "2012.01.07"]
[Round "5.5"]
[White "Jansa,Vl"]
[Black "Novotny,M1"]
[Result "0-1"]
[WhiteElo "2478"]
[BlackElo "2337"]

1.e4 e6 2.d4 d5 3.Nd2 Be7 4.Bd3 c5 5.dxc5 Nf6 6.Qe2 Nc6 7.Ngf3 Nb4 8.O-O Nxd3
9.cxd3 Bxc5 10.Nb3 Be7 11.Bg5 h6 12.Bh4 Qb6 13.Rac1 Bd7 14.Bxf6 Bxf6 15.exd5 O-O
16.Nc5 Rad8 17.Ne5 Bc8 18.dxe6 Bxe6 19.Ng4 Bxg4 20.Qxg4 Rd4 21.Qe2 Rfd8 22.Rfd1 R4d5
23.Nb3 a5 24.Rc4 Qb5 25.Qc2 a4 26.Nc5 Qxb2 27.Qxb2 Bxb2 28.Nxa4 b5 29.Rc2 Bd4
30.Nb2 Ra8 31.Ra1 Ra3 32.Rb1 Rxa2 33.Rc8+ Kh7 34.Nd1 Rf5 35.Kh1 Rd2 36.Rd8 Re5
37.Ne3 Bxe3 38.fxe3 Rxe3 39.h3 Rg3 40.Rg1 Rdxd3 41.Rb8 Rg5 42.Rf1 Rd2 43.Rg1 Rb2
44.Kh2 h5 45.Rd8 Kg6 46.Rd4 f6 47.Rd7 Kf5 48.h4 Rg4 49.Kh3 Kg6 50.Rd3 Rc2
51.Rd7 Re4 52.Rb7 Re3+ 53.Kh2 Rb2 54.Rd1 Ree2 55.Kh3 Rxg2 56.Rg1 Rxg1 57.Rxg7+ Kf5
58.Rxg1 Rb3+ 59.Kh2 Rb4 60.Kh3 Rg4 61.Rc1 b4 62.Rc5+ Kg6 63.Rb5 Rc4 64.Kg3 Rc3+
65.Kf2 b3 66.Ke2 Rc2+ 67.Kd1 Rc3 68.Kd2 Rh3 69.Kc1 Rxh4 70.Rxb3 Rd4  0-1

[Event "17th Bosnjaci Open"]
[Site "Bosnjaci CRO"]
[Date "2012.01.08"]
[Round "8.4"]
[White "Tomic,Bos"]
[Black "Kovacevic,Bl"]
[Result "1/2-1/2"]
[WhiteElo "2407"]
[BlackElo "2449"]

1.e4 e6 2.d4 d5 3.Nd2 Be7 4.Bd3 c5 5.dxc5 Nf6 6.exd5 Qxd5 7.Ngf3 Nbd7 8.O-O Nxc5
9.Bc4 Qd6 10.Qe2 O-O 11.Ne5 b6 12.Nb3 Nxb3 13.Bxb3 Ba6 14.c4 Nd7 15.Bf4 Nxe5
16.Bxe5 Qc5 17.Rac1 Rfd8 18.Qe4 Bd6 19.Bxd6 Qxd6 20.Rfd1 Qc7 21.Bc2 g6 22.b3 Bb7
23.Qh4 Kg7 24.Be4 Bxe4 25.Qxe4 Qc5 26.h3  1/2-1/2